000
00426nam a2200133Ia 4500
008
100328s9999 xx 000 0 und d
082
_b
17809
100
_a
अश्क उपेन्द्रनाथ
245
_a
वासना के स्वर
260
_b
मदन हाफ-टोन कं.
630
_a
वासना के स्वर
730
_a
वासना के स्वर
942
_c
BOOK
999
_c
512300
_d
512297